Tokyu train stations with map - Statistics

General Stats
  • This quiz has been taken 29 times
  • The average score is 77 of 123
Answers on the Map
Answers color-coded by a green-red scale on the quiz's map according to % correct below.
 
Answer Stats
Station Line % Correct
Meguro Meguro
100%
Shibuya Den-en-toshi | Toyoko
100%
Yokohama Minatomirai | Toyoko
100%
Daikan-yama Toyoko
93%
Jiyugaoka Toyoko
93%
Kikuna Toyoko
93%
Motomachi-chukagai Minatomirai
93%
Musashi-kosugi Meguro | Toyoko
93%
Naka-meguro Toyoko
93%
Oimachi Oimachi
93%
Shin-yokohama Shin-yokohama
93%
Tamagawa Meguro | Tamagawa | Toyoko
93%
Chuo-rinkan Den-en-toshi
87%
Futako-tamagawa Den-en-toshi | Oimachi
87%
Gotanda Ikegami
87%
Minatomirai Minatomirai
87%
Shin-maruko Meguro | Toyoko
87%
Toritsu-daigaku Toyoko
87%
Gakugei-daigaku Toyoko
80%
Hiyoshi Meguro | Shin-yokohama | Toyoko
80%
Jiyugaoka Oimachi
80%
Kamata Ikegami | Tamagawa
80%
Minami-machida Den-en-toshi
80%
Mizonokuchi Den-en-toshi | Oimachi
80%
Motosumiyoshi Meguro | Toyoko
80%
Nihon-odori Minatomirai
80%
Ookayama Meguro | Oimachi
80%
Sangen-jaya Den-en-toshi | Setagaya
80%
Shin-tsunashima Shin-yokohama
80%
Tsunashima Toyoko
80%
Yutenji Toyoko
80%
Azamino Den-en-toshi
73%
Den-en-chofu Meguro | Toyoko
73%
Futako-shinchi Den-en-toshi | Oimachi
73%
Hatanodai Ikegami | Oimachi
73%
Ikegami Ikegami
73%
Ikejiri-ohashi Den-en-toshi
73%
Musashi-koyama Meguro
73%
Nagatsuta Den-en-toshi | Kodomonokuni
73%
Bashamichi Minatomirai
67%
Okusawa Meguro
67%
Setagaya Setagaya
67%
Kodomonokuni Kodomonokuni
60%
Midorigaoka Oimachi
60%
Yoga Den-en-toshi
60%
Aobadai Den-en-toshi
53%
Hakuraku Toyoko
53%
Higashi-hakuraku Toyoko
53%
Kita-senzoku Oimachi
53%
Komazawa-daigaku Den-en-toshi
53%
Kuhombutsu Oimachi
53%
Miyazakidai Den-en-toshi
53%
Nakanobu Oimachi
53%
Onda Kodomonokuni
53%
Saginuma Den-en-toshi
53%
Sakura-shimmachi Den-en-toshi
53%
Senzoku Meguro
53%
Shimo-takaido Setagaya
53%
Takatsu Den-en-toshi | Oimachi
53%
Tammachi Toyoko
53%
Todoroki Oimachi
53%
Togoshi-ginza Ikegami
53%
Ebaramachi Oimachi
47%
Ebara-nakanobu Ikegami
47%
Eda Den-en-toshi
47%
Fudo-mae Meguro
47%
Kaminoge Oimachi
47%
Myorenji Toyoko
47%
Nishi-koyama Meguro
47%
Senzoku-ike Ikegami
47%
Shimo-shimmei Oimachi
47%
Shin-takashima Minatomirai
47%
Tama-plaza Den-en-toshi
47%
Togoshi-koen Oimachi
47%
Wakabayashi Setagaya
47%
Yukigaya-otsuka Ikegami
47%
Kajigaya Den-en-toshi
40%
Kamimachi Setagaya
40%
Kugahara Ikegami
40%
Miyamaedaira Den-en-toshi
40%
Okurayama Toyoko
40%
Oyamadai Oimachi
40%
Shimomaruko Tamagawa
40%
Tana Den-en-toshi
40%
Yamashita Setagaya
40%
Fujigaoka Den-en-toshi
33%
Ichigao Den-en-toshi
33%
Ishikawa-dai Ikegami
33%
Nishi-taishido Setagaya
33%
Ontakesan Ikegami
33%
Suzukakedai Den-en-toshi
33%
Tsukimino Den-en-toshi
33%
Tsukushino Den-en-toshi
33%
Chidoricho Ikegami
27%
Nagahara Ikegami
27%
Numabe Tamagawa
27%
Osakihirokoji Ikegami
27%
Shoin-jinja-mae Setagaya
27%
Yaguchinowatashi Tamagawa
27%
Hasunuma Ikegami
20%
Matsubara Setagaya
20%
Miyanosaka Setagaya
20%
Musashi-nitta Tamagawa
20%
Unoki Tamagawa
13%
No matching quizzes found
Score Distribution
Percent of People with Each Score
Percentile by Number Answered
Your Score History
You have not taken this quiz